Cancionero popular argentino /

Guardado en:
Autor Principal: Benarós, León
Formato: Libro
Publicado: Colombia : Hyspagráfica/ Centro Editor de Cultura Argentina, 2000
Materias:
Etiquetas: Agregar Etiqueta
Sin Etiquetas, Sea el primero en etiquetar este registro!
LEADER 00580nam a22001815a 4500
001 CEM.cems012891
005 20080605123925.0
008 130507s2000##################000#0#####d
003 CEMS
020 |a 9879793900 
082 0 4 |a 398.8 
100 1 |a Benarós, León 
245 1 0 |a Cancionero popular argentino /  |c Selección de León Benarós 
260 |a Colombia :  |b Hyspagráfica/ Centro Editor de Cultura Argentina,  |c 2000 
300 |a 320 p. 
653 |a Cancionero popular argentino 
653 |a Música popular argentina 
859 |a CEMS  |b BIB. CEMS - 11 de abril  |h 398.8  |i B431  |p 25175.08  |t Ej.1